000 00991nam a2200253Ia 4500
003 OSt
005 20220923215319.0
006 a|||||r|||| 00| 0
007 ta
008 220922b |||||||| |||| 00| 0 hin d
024 _a177,694
037 _cTextual
040 _aARTS
_cARTS
_bhin
041 _2hin
_ahin
082 _aO152,1:g(P:75), L3
100 _aभटट, श्रीकृष्ण
245 0 _aविठठलेशाब्ठक श्रृंगार रस माधुरी रासा जाजऊ,महाशब्द, डा भालन्द्रराव तेलंग
246 _aViṭhaṭhaleshābṭhak shrṛuangār ras mādhurī rāsā jājaū,hināshabda, ḍā0 bhālandrarāv telanga
260 _c1973
300 _a165 पृ.
_ccm.
650 _aहिन्दी साहित्य
_9156264
942 _hO152,1:g(P:75), L3
_cTEXL
_2CC
999 _c331082
_d331082